La Expropiación de los bienes de las obras pías en Costa Rica /

Guardado en:
Bibliografiske detaljer
Hovedforfatter: Gudmundson, Lowell
Format: Texto
Tags: Tilføj Tag
Ingen Tags, Vær først til at tagge denne postø!

MARC

LEADER 00000 a a2200000 04500
001 15719
003
040
100 |a Gudmundson, Lowell  
245 |a La Expropiación de los bienes de las obras pías en Costa Rica /  |c Lowell Gudmundson 
773 |g número 7; páginas 37-70  
999 |c 30938  |d 30938